Liczba Pi (3,...) - Statystyki

Ogólne statystyki
  • Ten quiz został rozwiązany 1 602 razy
  • Średni wynik to 34 z 100
Statystyki odpowiedzi
Hint Odpowiedź % Poprawnych
1 1
100%
2 4
99%
3 1
98%
4 5
95%
5 9
93%
6 2
91%
7 6
89%
8 5
86%
9 3
84%
10 5
84%
11 8
80%
12 9
78%
13 7
74%
14 9
71%
15 3
69%
16 2
67%
17 3
66%
18 8
63%
19 4
61%
20 6
60%
21 2
57%
22 6
56%
23 4
53%
24 3
52%
25 3
50%
26 8
48%
28 2
47%
27 3
47%
29 7
47%
30 9
46%
31 5
45%
32 0
44%
33 2
44%
34 8
42%
35 8
42%
36 4
41%
37 1
39%
38 9
39%
40 1
38%
39 7
38%
41 6
37%
42 9
36%
43 3
35%
44 9
35%
45 9
34%
46 3
33%
47 7
32%
48 5
31%
49 1
30%
50 0
29%
51 5
27%
53 2
25%
52 8
25%
54 9
17%
56 4
14%
55 7
14%
58 4
13%
59 4
13%
57 9
13%
62 2
12%
63 3
12%
60 5
12%
61 9
12%
64 0
11%
67 1
11%
65 7
11%
66 8
11%
70 0
10%
72 2
10%
69 4
10%
68 6
10%
71 6
10%
73 8
10%
76 0
9%
84 0
9%
75 2
9%
82 2
9%
88 2
9%
85 3
9%
86 4
9%
89 5
9%
74 6
9%
81 6
9%
77 8
9%
80 8
9%
83 8
9%
87 8
9%
78 9
9%
79 9
9%
96 0
8%
93 1
8%
94 1
8%
92 2
8%
90 3
8%
91 4
8%
97 6
8%
95 7
8%
98 7
8%
100 8
8%
99 9
8%
Nie znaleziono quizów pasujących do podanych kryteriów
Rozkład punktacji
Procent ludzi z każdym wynikiem
Percentyl według liczby udzielonych odpowiedzi
Twoja historia wyników
Nie rozwiązałeś tego quizu